Sports Quiz

Random Sports or NHL Quiz

Name the top 10 Team Points Leaders per NHL team Quiz Stats

Quiz not verified by Sporcle

Challenge
Share
Tweet
Embed
Score 0/300 Timer 20:00
1 Play Today
Team Player % Correct
Pittsburgh PenguinsMario Lemieux
93.8%
Edmonton OilersWayne Gretzky
92.9%
Los Angeles KingsWayne Gretzky
92.9%
Detroit Red WingsGordie Howe
92.7%
Washington CapitalsAlex Ovechkin
92.7%
Pittsburgh PenguinsJaromir Jagr
92.1%
San Jose SharksJoe Thornton
92.1%
Detroit Red WingsSteve Yzerman
91.8%
Ottawa SenatorsDaniel Alfredsson
91.8%
Tampa Bay LightningMartin St. Louis
91.8%
Toronto Maple LeafsMats Sundin
90.4%
New York RangersMark Messier
90.4%
Edmonton OilersMark Messier
90.4%
Chicago BlackhawksBobby Hull
89.8%
Chicago BlackhawksDennis Hull
89.8%
St. Louis BluesBrett Hull
89.8%
Montreal CanadiensHenri Richard
89.5%
Montreal CanadiensMaurice Richard
89.5%
Pittsburgh PenguinsSidney Crosby
89.5%
Anaheim DucksTeemu Selanne
89.5%
Boston BruinsBobby Orr
89.3%
Colorado Avalanche/Quebec NordiquesJoe Sakic
89.3%
Vancouver CanucksHenrik Sedin
89%
Vancouver CanucksDaniel Sedin
89%
Boston BruinsRay Bourque
88.7%
Tampa Bay LightningSteven Stamkos
88.7%
Columbus BluejacketsRick Nash
88.7%
Carolina Hurricanes/Hartford WhalersRon Francis
88.1%
Pittsburgh PenguinsRon Francis
88.1%
Tampa Bay LightningVincent Lecavalier
87.6%
Pittsburgh PenguinsEvgeni Malkin
87.6%
New York IslandersMike Bossy
87.3%
San Jose SharksPatrick Marleau
87.3%
Montreal CanadiensGuy Lafleur
87%
Calgary FlamesJarome Iginla
87%
Boston BruinsPhil Esposito
86.7%
Anaheim DucksCorey Perry
86.4%
Anaheim DucksRyan Getzlaf
86.2%
Edmonton OilersJari Kurri
86.2%
New Jersey DevilsPatrik Elias
85.9%
Dallas Stars/Minnesota North StarsMike Modano
85.9%
Philadelphia FlyersBobby Clarke
85.6%
Colorado Avalanche/Quebec NordiquesPeter Forsberg
85.6%
Ottawa SenatorsDany Heatley
85%
Arizona Coyotes/Winnipeg JetsShane Doan
85%
Florida PanthersPavel Bure
84.7%
Vancouver CanucksPavel Bure
84.7%
Ottawa SenatorsJason Spezza
83.9%
Carolina Hurricanes/Hartford WhalersEric Staal
83.9%
Los Angeles KingsMarcel Dionne
83.9%
Los Angeles KingsLuc Robitaille
83.9%
Ottawa SenatorsMarian Hossa
83.6%
Winnipeg Jets/Atlanta ThrashersMarian Hossa
83.6%
Montreal CanadiensSaku Koivu
83.1%
Minnesota WildMikko Koivu
83.1%
Winnipeg Jets/Atlanta ThrashersIlya Kovalchuk
83.1%
Detroit Red WingsNicklas Lidstrom
82.8%
Anaheim DucksPaul Kariya
82.8%
Philadelphia FlyersEric Lindros
81.9%
Detroit Red WingsPavel Datsyuk
81.6%
New York IslandersBryan Trottier
81.6%
Detroit Red WingsHenrik Zetterberg
81.1%
Chicago BlackhawksStan Mikita
81.1%
Washington CapitalsNicklas Backstrom
80.8%
Edmonton OilersPaul Coffey
80.8%
Detroit Red WingsSergei Fedorov
80.5%
Chicago BlackhawksPatrick Kane
80.5%
Winnipeg Jets/Atlanta ThrashersEvander Kane
80.5%
New Jersey DevilsScott Stevens
80.2%
Pittsburgh PenguinsKevin Stevens
80.2%
Colorado Avalanche/Quebec NordiquesPeter Stastny
79.7%
Colorado Avalanche/Quebec NordiquesAnton Stastny
79.7%
Colorado Avalanche/Quebec NordiquesPaul Stastny
79.7%
Montreal CanadiensJean Beliveau
79.4%
Arizona Coyotes/Winnipeg JetsDale Hawerchuk
79.4%
Vancouver CanucksMarkus Naslund
79.4%
Chicago BlackhawksDenis Savard
79.1%
New Jersey DevilsScott Niedermayer
78.5%
Anaheim DucksScott Niedermayer
78.5%
Minnesota WildMarian Gaborik
78.5%
Buffalo SabresGilbert Perreault
78.2%
New York RangersBrian Leetch
78.2%
Edmonton OilersGlenn Anderson
78.2%
Florida PanthersRob Niedermayer
78%
New York IslandersDenis Potvin
78%
New York IslandersPat LaFontaine
77.7%
Calgary FlamesGary Suter
77.7%
Minnesota WildRyan Suter
77.7%
Nashville PredatorsRyan Suter
77.7%
Washington CapitalsPeter Bondra
77.4%
Boston BruinsJohn Bucyk
77.1%
Tampa Bay LightningBrad Richards
77.1%
Calgary FlamesTheoren Fleury
77.1%
Chicago BlackhawksJonathan Toews
77.1%
San Jose SharksJoe Pavelski
76.8%
Buffalo SabresDave Andreychuk
76.6%
Detroit Red WingsBrendan Shanahan
75.7%
Carolina Hurricanes/Hartford WhalersRod Brind'Amour
75.7%
Philadelphia FlyersRod Brind'Amour
75.7%
New Jersey DevilsZach Parise
75.4%
Team Player % Correct
Minnesota WildZach Parise
75.4%
Calgary FlamesAl MacInnis
74.9%
St. Louis BluesAl MacInnis
74.9%
Dallas Stars/Minnesota North StarsBobby Smith
74.6%
Florida PanthersOlli Jokinen
74.3%
Ottawa SenatorsErik Karlsson
73.7%
New York IslandersJohn Tavares
73.7%
Arizona Coyotes/Winnipeg JetsKeith Tkachuk
72.9%
Nashville PredatorsShea Weber
72.9%
St. Louis BluesKeith Tkachuk
72.9%
Toronto Maple LeafsDarryl Sittler
72.6%
Boston BruinsPatrice Bergeron
72.3%
Los Angeles KingsAnze Kopitar
72%
Calgary FlamesJoe Nieuwendyk
71.8%
Philadelphia FlyersJohn LeClair
71.5%
Buffalo SabresRené Robert
71.2%
Colorado Avalanche/Quebec NordiquesMilan Hejduk
70.9%
Nashville PredatorsDavid Legwand
70.6%
Ottawa SenatorsAlexei Yashin
70.3%
Arizona Coyotes/Winnipeg JetsJeremy Roenick
70.1%
Vancouver CanucksTrevor Linden
70.1%
Chicago BlackhawksJeremy Roenick
70.1%
Philadelphia FlyersMark Recchi
69.8%
Anaheim DucksAndy McDonald
69.8%
Edmonton OilersRyan Smyth
69.5%
Washington CapitalsMike Gartner
69.2%
Boston BruinsCam Neely
68.9%
Detroit Red WingsAlex Delvecchio
68.9%
Buffalo SabresThomas Vanek
67.8%
San Jose SharksBrent Burns
67.8%
Minnesota WildBrent Burns
67.8%
Buffalo SabresMike Foligno
67.5%
Columbus BluejacketsNick Foligno
67.5%
Montreal CanadiensLarry Robinson
66.9%
Los Angeles KingsDustin Brown
66.9%
St. Louis BluesBernie Federko
66.9%
Buffalo SabresRick Martin
66.7%
New York IslandersBrent Sutter
66.7%
Chicago BlackhawksPit Martin
66.7%
Nashville PredatorsGreg Johnson
66.7%
St. Louis BluesBrian Sutter
66.7%
New York RangersRod Gilbert
66.1%
New York RangersJean Ratelle
66.1%
Dallas Stars/Minnesota North StarsDino Ciccarelli
65.5%
Los Angeles KingsRob Blake
65%
San Jose SharksOwen Nolan
64.7%
Buffalo SabresPhil Housley
63.8%
Vancouver CanucksTodd Bertuzzi
63.8%
Winnipeg Jets/Atlanta ThrashersBlake Wheeler
63.8%
New Jersey DevilsScott Gomez
63.6%
Philadelphia FlyersBill Barber
63.6%
Colorado Avalanche/Quebec NordiquesMichel Goulet
63.6%
Boston BruinsRick Middleton
63%
Florida PanthersScott Mellanby
62.7%
San Jose SharksLogan Couture
62.7%
Los Angeles KingsDave Taylor
62.1%
Florida PanthersNathan Horton
61.9%
Calgary FlamesGary Roberts
61.9%
Detroit Red WingsTed Lindsay
61.3%
New Jersey DevilsJohn MacLean
61.3%
Arizona Coyotes/Winnipeg JetsPaul MacLean
61.3%
Arizona Coyotes/Winnipeg JetsThomas Steen
60.7%
St. Louis BluesAlex Steen
60.7%
Toronto Maple LeafsDave Keon
59.9%
Montreal CanadiensSteve Shutt
59.3%
Philadelphia FlyersClaude Giroux
59.3%
Los Angeles KingsBernie Nicholls
59.3%
Philadelphia FlyersBrian Propp
59%
Minnesota WildJason Pominville
58.5%
Montreal CanadiensJacques Lemaire
58.2%
Edmonton OilersDoug Weight
58.2%
Chicago BlackhawksSteve Larmer
57.9%
Tampa Bay LightningDan Boyle
57.6%
Montreal CanadiensYvan Cournoyer
57.3%
Ottawa SenatorsMike Fisher
57.3%
Toronto Maple LeafsFrank Mahovlich
57.3%
Carolina Hurricanes/Hartford WhalersPat Verbeek
57.3%
Florida PanthersViktor Kozlov
57.1%
Winnipeg Jets/Atlanta ThrashersVyacheslav Kozlov
57.1%
New York RangersAdam Graves
56.5%
Toronto Maple LeafsBorje Salming
56.2%
New Jersey DevilsAaron Broten
56.2%
Anaheim DucksBobby Ryan
56.2%
Chicago BlackhawksDoug Wilson
56.2%
Dallas Stars/Minnesota North StarsNeal Broten
56.2%
Dallas Stars/Minnesota North StarsBrian Bellows
56.2%
Columbus BluejacketsRyan Johansen
55.9%
Ottawa SenatorsWade Redden
55.4%
Montreal CanadiensBernie Geoffrion
55.1%
Winnipeg Jets/Atlanta ThrashersDustin Byfuglien
55.1%
San Jose SharksVincent Damphousse
54.5%
Dallas Stars/Minnesota North StarsJamie Benn
54.2%
Winnipeg Jets/Atlanta ThrashersAndrew Ladd
54.2%
Tampa Bay LightningVinny Prospal
53.7%
Washington CapitalsDale Hunter
53.7%
Colorado Avalanche/Quebec NordiquesDale Hunter
53.7%
Winnipeg Jets/Atlanta ThrashersBryan Little
53.7%
Philadelphia FlyersTim Kerr
53.1%
Philadelphia FlyersRick MacLeish
52.8%
Toronto Maple LeafsRick Vaive
52.5%
Team Player % Correct
Dallas Stars/Minnesota North StarsSergei Zubov
52.5%
Florida PanthersRay Whitney
52.3%
New York IslandersClark Gillies
52.3%
Florida PanthersStephen Weiss
52%
Columbus BluejacketsCam Atkinson
52%
Tampa Bay LightningVictor Hedman
51.1%
Boston BruinsKen Hodge
50.6%
Carolina Hurricanes/Hartford WhalersGeoff Sanderson
50.6%
Carolina Hurricanes/Hartford WhalersKevin Dineen
50%
New Jersey DevilsKirk Muller
49.7%
Boston BruinsWayne Cashman
49.2%
Calgary FlamesKent Nilsson
48.9%
Vancouver CanucksStan Smyl
48.9%
Nashville PredatorsMartin Erat
48.9%
Detroit Red WingsNorm Ullman
48.6%
New York RangersAndy Bathgate
48%
Dallas Stars/Minnesota North StarsBrenden Morrow
47.7%
St. Louis BluesPavol Demitra
47.7%
Colorado Avalanche/Quebec NordiquesAlex Tanguay
47.5%
Dallas Stars/Minnesota North StarsDave Gagner
47.5%
Washington CapitalsDennis Maruk
47.2%
Toronto Maple LeafsGeorge Armstrong
46.6%
San Jose SharksJonathan Cheechoo
46.3%
Buffalo SabresDanny Gare
46%
Ottawa SenatorsRadek Bonk
45.8%
Los Angeles KingsButch Goring
45.5%
Edmonton OilersAles Hemsky
44.6%
Columbus BluejacketsDavid Vyborny
44.4%
Colorado Avalanche/Quebec NordiquesMatt Duchene
44.1%
Dallas Stars/Minnesota North StarsJere Lehtinen
43.8%
New Jersey DevilsBobby Holik
43.5%
Pittsburgh PenguinsJean Pronovost
43.5%
St. Louis BluesDavid Backes
43.2%
Anaheim DucksSteve Rucchin
42.9%
Nashville PredatorsSteve Sullivan
42.7%
Pittsburgh PenguinsRick Kehoe
42.4%
Minnesota WildBrian Rolston
42.4%
Minnesota WildAndrew Brunette
41.5%
Carolina Hurricanes/Hartford WhalersJeff O'Neill
40.7%
Carolina Hurricanes/Hartford WhalersRay Ferraro
40.7%
Edmonton OilersEsa Tikkanen
40.7%
Tampa Bay LightningBrian Bradley
40.4%
Winnipeg Jets/Atlanta ThrashersToby Enstrom
40.4%
Winnipeg Jets/Atlanta ThrashersMark Scheifele
40.4%
Columbus BluejacketsR.J. Umberger
40.1%
New York RangersVic Hadfield
39.8%
Anaheim DucksMatt Cullen
39.8%
Edmonton OilersShawn Horcoff
39.8%
Toronto Maple LeafsRon Ellis
39.5%
Washington CapitalsCalle Johansson
39.5%
New York IslandersBob Nystrom
39.3%
Pittsburgh PenguinsSyl Apps
39.3%
Washington CapitalsMichal Pivonka
39.3%
New York IslandersJohn Tonelli
39%
Pittsburgh PenguinsMartin Straka
39%
Boston BruinsTerry O'Reilly
38.4%
Arizona Coyotes/Winnipeg JetsTeppo Numminen
38.1%
Carolina Hurricanes/Hartford WhalersErik Cole
37.6%
Vancouver CanucksTony Tanti
37.3%
Nashville PredatorsRoman Josi
37.3%
St. Louis BluesGarry Unger
37.3%
Tampa Bay LightningFredrik Modin
37%
Carolina Hurricanes/Hartford WhalersBlaine Stoughton
36.7%
Columbus BluejacketsBrandon Dubinsky
36.4%
New Jersey DevilsTravis Zajac
35.9%
Toronto Maple LeafsTed Kennedy
34.7%
Minnesota WildPierre-Marc Bouchard
34.7%
Nashville PredatorsJ.P. Dumont
34.7%
Buffalo SabresCraig Ramsay
34.2%
Nashville PredatorsKimmo Timonen
33.1%
Columbus BluejacketsNikolai Zherdev
32.5%
Washington CapitalsMike Ridley
32.5%
Minnesota WildMikael Granlund
32.2%
Calgary FlamesGuy Chouinard
31.9%
Florida PanthersRobert Svehla
31.4%
San Jose SharksJeff Friesen
30.5%
Nashville PredatorsScott Walker
29.1%
Ottawa SenatorsShawn McEachern
28.8%
Vancouver CanucksThomas Gradin
28.8%
Anaheim DucksCam Fowler
28.2%
New York RangersSteve Vickers
28%
Columbus BluejacketsDerick Brassard
27.1%
Calgary FlamesPaul Reinhart
27.1%
New York IslandersBob Bourne
26.6%
Tampa Bay LightningChris Gratton
25.7%
Columbus BluejacketsFedor Tyutin
25.7%
Washington CapitalsBengt-Ake Gustafsson
23.2%
San Jose SharksMarco Sturm
23.2%
New York RangersRon Greschner
22.9%
Toronto Maple LeafsBob Pulford
22.3%
Buffalo SabresDon Luce
21.2%
Florida PanthersRadek Dvorak
21.2%
New York RangersWalt Tkaczuk
21.2%
St. Louis BluesRed Berenson
20.1%
Calgary FlamesEric Vail
18.1%
Los Angeles KingsJim Fox
17.5%
Arizona Coyotes/Winnipeg JetsMorris Lukowich
15.8%
Arizona Coyotes/Winnipeg JetsLaurie Boschman
13%
Vancouver CanucksDon Lever
12.7%
Arizona Coyotes/Winnipeg JetsDoug Smail
10.2%

You're not logged in!

Compare scores with friends on all Sporcle quizzes.
Join for Free
OR
Log In

You Might Also Like...

Show Comments

Extras

Top Quizzes Today


Score Distribution

Your Account Isn't Verified!

In order to create a playlist on Sporcle, you need to verify the email address you used during registration. Go to your Sporcle Settings to finish the process.

Report this User

Report this user for behavior that violates our Community Guidelines.

Details: